MARC

LEADER 00000nam0a2200000 4500
001 291427
005 20231102000404.0
035 |a (RuTPU)RU\TPU\book\315994 
035 |a RU\TPU\book\352277 
090 |a 291427 
100 |a 20170111d1947 m y0rusy50 ca 
101 0 |a rus 
102 |a RU 
105 |a a z 000zb 
200 1 |a А. П. Бородин  |f И. Ф. Бэлза 
210 |a Москва  |a Ленинград  |c Музгиз  |d 1947 
215 |a 69 с.  |c ил. 
225 1 |a Классики русской музыки 
600 1 |a Бородин  |b А. П.  |c композитор, химик  |c профессор Военно-медицинской академии, член "Могучей кучки"  |f 1833-1887  |g Александр Порфирьевич  |2 stltpush  |3 (RuTPU)RU\TPU\pers\11057  |9 2432 
606 1 |a Композиторы  |2 stltpush  |3 (RuTPU)RU\TPU\subj\15032  |9 41330 
610 1 |a музыка 
610 1 |a биографии 
610 1 |a творчество 
675 |a 78.071.1  |v 4 
700 1 |a Бэлза  |b И. Ф.  |g Игорь Федорович 
801 1 |a RU  |b 63413507  |c 20150414 
801 2 |a RU  |b 63413507  |c 20190904  |g RCR 
942 |c BK